书目信息 |
| 题名: |
中国强制性国家标准汇编:电工卷 4
|
|
| 作者: | 中国标准出版社 编 | |
| 分册: | ||
| 出版信息: | 北京 中国标准出版社 1995.10 |
|
| 页数: | 844页 | |
| 开本: | 16开 | |
| 丛书名: | ||
| 单 册: | ||
| 中图分类: | TM-65 | |
| 科图分类: | ||
| 主题词: | 电工技术 | |
| 电子资源: | ||
| ISBN: | 7-5066-1175-9 | |
| 000 | 00640nam0 2200193 45 | |
| 001 | 0010020909 | |
| 005 | 20001002090854.8 | |
| 010 | @a7-5066-1175-9@d78.00元 | |
| 100 | @a20001002d1995 km y0chiy0120 ea | |
| 101 | 0 | @achi |
| 105 | @a z 000yy | |
| 200 | 1 | @a中国强制性国家标准汇编:电工卷 4@AZhong Guo Qiang Zhi Xing Guo Jia Biao Zhun Hui Bian:Dian Gong Juan 4@f中国标准出版社编@FZhong Guo Biao Zhun Chu Ban She Bian |
| 210 | @a北京@c中国标准出版社@d1995.10 | |
| 215 | @a844页@d16开 | |
| 606 | 0 | @a电工技术 |
| 690 | @aTM-65@v3 | |
| 701 | 0 | @a中国标准出版社@4编 |
| 801 | @aCN@bPftUser@c20001002 | |
| 905 | @b160862-864@dTM-65@eZH:059=2:4@f3 | |
| 中国强制性国家标准汇编:电工卷 4/中国标准出版社编.-北京:中国标准出版社,1995.10 |
| 844页;16开 |
| ISBN 7-5066-1175-9:78.00元 |
| ● |
| 相关链接 |
|
|
|
正题名:中国强制性国家标准汇编:电工卷4
索取号:TM-65/ZH:059=2:4
 
预约/预借
| 序号 | 登录号 | 条形码 | 馆藏地/架位号 | 状态 | 备注 |
| 1 | 160862 | 201608625 | 自科库301/301自科库 4排4列1层/ [索取号:TM-65/ZH:059=2:4] | 在馆 | |
| 2 | 160863 | 201608634 | 自科库301/301自科库 4排4列1层/ [索取号:TM-65/ZH:059=2:4] | 在馆 | |
| 3 | 160864 | 201608643 | 自科二线404/404自科库 10排6列1层/ [索取号:TM-65/ZH:059=2:4] | 在馆 |